Famous Ancient Romans - Statistics

General Stats
  • This quiz has been taken 255 times
  • The average score is 15 of 22
Answer Stats
Hint Answer % Correct
'Dictator for Life' who crossed the Rubicon Julius Caesar
98%
First Emperor of Rome, created the Pax Romana Augustus
97%
Emperor who supposedly fiddled while Rome burned Nero
95%
Roman Emperor who was the first to convert to Christianity Constantine the Great
88%
Mythical founder of Rome who killed his brother Romulus
87%
Emperor who fortified the Empire's northern border, famous for his Wall Hadrian
86%
Emperor who made his horse consul Caligula
85%
General of Julius Caesar, had a relationship with Cleopatra Mark Antony
83%
Augustus' stepson seceded by Caligula Tiberius
73%
Roman Orator killed by the Second Triumvirate Cicero
72%
Emperor also regarded as a great Stoic Philosopher Marcus Aurelius
69%
Poet known for the epic Aeneid Virgil
68%
Emperor under whose rule Rome reached its greatest extent Trajan
67%
Richest man in Rome and member of the First Triumvirate Crassus
65%
Poet best known for 'Metamorphoses' Ovid
65%
Roman General who triumphed over Hannibal at Zama Scipio Africanus
61%
Emperor whose limp and slight deafness saved him from being killed Claudius
60%
Military General, member of the First Triumvirate, and consul three times Pompey
59%
Emperor who split the Empire in two halves Diocletian
49%
Early Christian theologian, now a Saint, who wrote Confessions Augustine of Hippo
39%
Model of Civic Virtue who left his farm to become dictator Cincinnatus
25%
First of two notable Popularis brothers, murdered by the Optimates Tiberius Gracchus
18%
No matching quizzes found
Score Distribution
Percent of People with Each Score
Percentile by Number Answered
Your Score History
You have not taken this quiz